000 00360nam a22001457a 4500
082 _a894-812
_bKAS/A
100 _aM.P.ACHUTHAN
245 _aNJANENGANE KAMMUNISTAYI
_bCOMMUNISM
246 _aNJANENGANE KAMMUNISTAYI
_bCOMMUNISM
260 _aTRIVANDRUM
_bPRABHATH BOOK HOUSE
_c1988
300 _a100
520 _aCOMMUNISM
650 _aCOMMUNISM
942 _cBK
999 _c1204
_d1204